000 00945naa a22002537a 4500
001 BR8900196
003 BR-BrBNA
005 20240918180357.0
007 ta
008 230509b bl.||||| |||| 00| 0 por d
040 _aBR-BrBNA
_bpor
_cBiblioteca Nacional de Agricultura
041 _a(Pt)
072 _aK10
_b2480
090 _aK10 BR8900196
100 1 _aCanduru Neto, J.M.H.
245 1 _aFatores limitantes e parametros fisiologicos da producao da seringueira
260 3 _aBrasilia, DF (Brasil):
_c1986.
500 _aAnais do 1. Encontro Nacional sobre Explotacao e Organizacao de Seringais de Cultivo Brasilia, DF (Brasil): 1986. p. 63-65 (BR8900196-AM)K10
650 _aSERINGUEIRA
650 _aSANGRIA
773 0 _tAnais do 1. Encontro Nacional sobre Explotacao e Organizacao de Seringais de Cultivo
_wK10 BR8900196
_gBrasilia, DF (Brasil), 1986. p. 63-65
909 _a202404
_bLucia
_c55
_dLucia Elande
942 _cAM
_2AGRIS
999 _c320054
_d320054